| 000 | 00000nam##2200000za#4500 |
| 001 | 9.642697 |
| 003 | CaOODSP |
| 005 | 20210624223828 |
| 007 | cr ||||||||||| |
| 008 | 150407|2009||||xxc|||||o f|0| 0 fre|d |
| 040 | |aCaOODSP|bfre |
| 043 | |an-cn--- |
| 086 | 1 |aA59-8/2009F-PDF |
| 110 | 1 |aCanada. |bAgriculture et agroalimentaire Canada. |bCentre de lutte antiparasitaire. |
| 245 | 10|aUtilisation de pesticides et pratiques de lutte antiparasitaire des viticulteurs canadiens en 2005 : |h[ressource électronique]|bconclusions de l'Enquête sur la protection des cultures de 2005 menée par la Division de l'agriculture de Statistique Canada, pour le compte d'AAC - Centre de la lutte antiparasitaire, Programme de réduction des risques liés aux pesticides |
| 260 | |aOttawa - Ontario : |bAgriculture et Agroalimentaire Canada. |cDécembre 2009. |
| 300 | |a56p.|bgraphiques, tableaux |
| 590 | |a14-03-Supp|b2014-01-17 |
| 691 | 07|aPesticide|2gcpds |
| 691 | 07|aViticulture|2gcpds |
| 775 | 08|tPesticide use and pest management practices of Canadian grape growers, 2005 : |w(CaOODSP)9.698640 |
| 856 | 40|ahttp://publications.gc.ca|qPDF|s653 Ko|uhttps://publications.gc.ca/collections/collection_2013/aac-aafc/A59-8-2009-fra.pdf |